00366nam a2200109Ia 45000010005000000080041000050200022000460820021000681000011000892450124001002600032002242563241024s9999 xx 000 0 und d a978-956-322-013-1 a371.9/UN56e/2010 aUNESCO 0aEducación especial e inclusión educativa con iberoamericana, Cartagena de indias, Colombia 27 al 31 de octubre 2008 bSalesianos impresoresc2010